Countries That Have Ever Bordered Mexico - Statistics

General Stats
  • This quiz has been taken 140 times
    107 since last reset
  • The average score is 6 of 9
Answer Stats
Years Country % Correct
1821- United States
100%
1981- Belize
97%
1839- Guatemala
97%
1836-1845 Texas
86%
1821-18461848-1981 United Kingdom
86%
1823-1839 Federated Republicof Central America
61%
1821-1823 Gran Colombia
50%
18231841-1848 Yucatán
39%
1848-1849 Los Altos
16%
No matching quizzes found
Score Distribution
Percent of People with Each Score
Percentile by Number Answered
Your Score History
You have not taken this quiz since the last reset